| 000 | 00727cam a22002531 4500 | ||
|---|---|---|---|
| 001 | 7399 | ||
| 003 | BD-RjUL | ||
| 005 | 20211208234416.0 | ||
| 008 | 150114s1954 nyu 000 0 ger | ||
| 035 | _a(BD-RjUL)7442 | ||
| 035 | _a(OCoLC)1291305 | ||
| 040 |
_aDLC _cTxArU _dOCoLC _dDLC _dBD-RjUL _beng |
||
| 041 | _aeng | ||
| 082 | 0 | 4 |
_218 _a517.38 _bNOV 1954 |
| 100 | 1 |
_aNørlund, Niels Erik, _d1885- _923129 |
|
| 245 | 0 | 0 |
_aVorlesungen über Differenzenrechnung / _cNiels Erik Norlund. |
| 260 |
_aNew York : _bChelsea Pub. Co., _c1954. |
||
| 300 |
_a551 p. ; _c22 cm. |
||
| 500 | _aReprint of the 1924 ed. | ||
| 650 | 0 |
_aDifference equations. _923130 |
|
| 942 |
_2ddc _cBK |
||
| 999 |
_c7399 _d7399 |
||